Condition-dependent resource value affects male-male competition in the blue-black grassquit /
Đã lưu trong:
| Tác giả chính: | |
|---|---|
| Tác giả khác: | , |
| Định dạng: | Bài viết |
| Ngôn ngữ: | English |
| Những chủ đề: | |
| Các nhãn: |
Thêm thẻ
Không có thẻ, Là người đầu tiên thẻ bản ghi này!
|
| Thư viện lưu trữ: | Thư viện Trường Đại học Đà Lạt |
|---|
| LEADER | 01010nam a2200325 4500 | ||
|---|---|---|---|
| 001 | DLU090097920 | ||
| 005 | ##20091201 | ||
| 040 | # | # | |a DLU |b eng |
| 041 | # | # | |a eng |
| 044 | # | # | |a uk |
| 100 | # | # | |a Santos, Eduardo S. A. |
| 245 | # | # | |a Condition-dependent resource value affects male-male competition in the blue-black grassquit / |c Eduardo S. A. Santos, Rafael Maia, Regina H. Macedo. |
| 653 | # | # | |a Body condition |
| 653 | # | # | |a Intrasexual selection |
| 653 | # | # | |a Male-male competition |
| 653 | # | # | |a Sexual selection |
| 653 | # | # | |a Structural plumage |
| 653 | # | # | |a UV coloration |
| 700 | # | # | |a Macedo, Regina H. |
| 700 | # | # | |a Maia, Rafael. |
| 773 | # | # | |t Behavioral ecology |g Vol. 20, no. 3 (May-June 2009), p. 553-559 |
| 920 | # | # | |a Phòng Tạp chí -- Trung tâm Thông tin - Thư viện Trường Đại học Đà Lạt |
| 994 | # | # | |a DLU |
| 900 | # | # | |a True |
| 911 | # | # | |a Trương Bảo Trâm Anh |
| 925 | # | # | |a G |
| 926 | # | # | |a A |
| 927 | # | # | |a BB |
| 980 | # | # | |a Thư viện Trường Đại học Đà Lạt |